000 00835nam a2200181Ia 4500
008 090630s9999 xx 000 0 und d
082 _b14923
100 _aप्रा. सावंत हे. न.
245 _aउपयोजित औष्णिक गतिकी भाग 1.
_cप्रा. सावंत हे. न.
260 _bमहाराष्ट्र विद्यापीठ ग्रंथनिर्मिती मंडळ - नागपूर.
_c1976
300 _a600
600 _aप्रा. सावंत हे. न.
630 _aउपयोजित औष्णिक गतिकी भाग 1.
655 _aइतर.
700 _aप्रा. सावंत हे. न.
730 _aउपयोजित औष्णिक गतिकी भाग 1.
942 _cBOOK
999 _c266779
_d266779